| 000 | 00782nam a22002774a 4500 | ||
|---|---|---|---|
| 001 | UByD003772 | ||
| 003 | AR-LpoUNG | ||
| 005 | 20260109125308.0 | ||
| 008 | 250305s2007 ag a j 000 1 spa d | ||
| 020 | _a9871362161 | ||
| 040 |
_aAR-LpoUNG _bspa _cAR-LpoUNG _eaacr |
||
| 041 | 0 | _aspa | |
| 082 | 0 | _a808.068 3 172cua | |
| 100 | 1 | _aBalbín, María Inés | |
| 245 | 1 | 0 | _aCuadros amotinados |
| 250 | _a1ra. ed. | ||
| 260 |
_aBuenos Aires : _bSiete Vacas, _c2007. |
||
| 300 |
_a111 p. : _bil. |
||
| 505 | 0 | _aSugerido a partir de los 12 años (etiqueta FUCSIA). | |
| 650 | 4 | _aLiteratura | |
| 650 | 4 | _aCuentos | |
| 653 | 0 | _aLiteratura infantil | |
| 700 | 0 |
_aIstvansch _eil. |
|
| 942 |
_2ddc _cLIB |
||
| 999 |
_c66464 _d66464 |
||